000 00365nam a22001457a 4500
003 OSt
008 240911b |||||||| |||| 00| 0 eng d
020 _a9789351282501
082 _a623.00954
_bNAA
100 _aNarain, S
245 _aAtom Bomb and Missiles in Ancient India
260 _aDelhi:
_bKalpaz Publication,
_c2017.
300 _a126p.
942 _2ddc
_cBK
999 _c12906
_d12906